Statistics for Largest cities on the Mississippi

Click here to take the quiz!

General Stats

  • This quiz has been taken 16 times
  • The average score is 5 of 10

Answer Stats

HintAnswer% Correct
1,214,932New Orleans
81%
802,484Baton Rogue
75%
2,916,447St. Louis
75%
1,316,100Memphis
69%
3,946,543Minneapolis
63%
96,275Cape Girardeau-Jackson
50%
387,630Quad Cities
38%
93,653Dubuque
25%
133,365La Crosse
25%
189.148Saint Cloud
25%

Score Distribution

Percentile by Number Answered

Percent of People with Each Score

Your Score History

You have not taken this quiz